| 000 | 01136nam2a2200253 4500 | ||
|---|---|---|---|
| 001 | RU\NLR\BIBL_A\016327234 | ||
| 005 | 20250625042825.0 | ||
| 035 | _a(NLR Aleph) 016327234 | ||
| 090 |
_a13049344 _c13049344 |
||
| 100 | _a20230328j18900520|||y0rusy50 ca | ||
| 101 | 0 | _arus | |
| 102 | _aRU | ||
| 135 | _acrgn 008anaba | ||
| 200 | 0 | _a1890, № 20 (20 мая) | |
| 210 |
_d1890 _aБ. м. |
||
| 325 | 1 | _aКопия доступна в электронной библиотеке РНБ | |
| 461 | 0 |
_1001RU\NLR\DRGNLR\3138 _12001#$aНовое дело$v1890, № 20 (20 мая) _910639429 _cСПб _d1866 - 1903 _fРед.-изд. А.Н.Пешкова-Толиверова _oЕженед. газ., изд. при ежемес. журн. ["Новое дело"] _tНовое дело _v1890, № 20 (20 мая) |
|
| 852 |
_aNLR _j1-П/1-25 |
||
| 901 | _eГазеты | ||
| 942 | _cISSNP | ||
| 980 | _aNB | ||
| 981 | 2 | 7 |
_a(27) Периодические издания _b(27) Газеты |